000
00253nam a22001217a 4500
008
180316b xxu||||| |||| 00| 0 eng d
041
_a
eng
080
_a
821
100
_a
21
101
_a
GJL
245
_a
The Fantastic
_c
Todorov, T
942
_2
udc
_c
BK
999
_c
45227
_d
45227